| 000 | 00697nam a2200241Ia 4500 | ||
|---|---|---|---|
| 003 | OSt | ||
| 005 | 20220925231120.0 | ||
| 006 | a|||||r|||| 00| 0 | ||
| 007 | ta | ||
| 008 | 220923b |||||||| |||| 00| 0 eng d | ||
| 037 | _cGeneral Book | ||
| 040 |
_aRTL _cRTL _beng |
||
| 041 |
_2eng _aeng |
||
| 082 | _aX9(J):8, L3 | ||
| 100 | _aJohl S S | ||
| 245 | 0 | _aFundamentals of farm business maangement | |
| 260 |
_aLundhiana _bKalyani Publishers India _c1973 |
||
| 300 |
_axi, 475p. Bib at the end of each chapter _ccm. |
||
| 650 |
_aManagement _930681 |
||
| 700 |
_a Kapur T R _9295000 |
||
| 942 |
_hX9(J):8, L3 _cGB _2CC |
||
| 999 |
_c587354 _d587354 |
||